| 000 | 01010cam a2200253 i 4500 | ||
|---|---|---|---|
| 005 | 20160124090656.0 | ||
| 008 | 010509t 2001ck bd r 0100 00spa d | ||
| 015 | _aSSS | ||
| 020 | _a9586950433 | ||
| 040 |
_aCO-BoPUJ _cCO-BoIAVH _dCO-BoIAVH |
||
| 041 | 0 | _aspa | |
| 043 | _as-ck--- | ||
| 082 | 0 | 4 |
_a338.109861 _bC96c2 |
| 111 | 2 |
_aForo cultivos ilícitos en Colombia _d(2000 ago. 17-18 : _cBogotá) |
|
| 245 | 1 | 0 |
_aCultivos ilícitos en Colombia : _bmemorias / _cForo cultivos ilícitos en Colombia. |
| 260 |
_aBogotá : _bUniversidad de los Andes, _c2001. |
||
| 300 | _a264 páginas | ||
| 650 | 1 | 4 |
_aCultivos ilícitos _xAspectos sociales _zColombia _vCongresos, conferencias, etc. |
| 650 | 2 | 4 |
_aControl de drogas y narcóticos _zColombia _vCongresos, conferencias, etc. |
| 710 | 2 | _aFundación Compartir | |
| 710 | 2 | _aPrograma de las Naciones Unidas para la Fiscalización Internacional de la Droga | |
| 710 | 2 | _aUniversidad de los Andes | |
| 942 |
_2ddc _cLIBRO |
||
| 999 |
_c2258 _d2258 |
||